[Event "Hetauda Metropolitan-ch U21"]
[Site "Hetauda"]
[Date "2021.03.25"]
[Round "2"]
[White "Raymajhi, Madan"]
[Black "Nepali, Badrilal"]
[Result "0-1"]
[WhiteElo "1767"]
[BlackElo "1986"]
[PlyCount "68"]
[EventDate "2021.03.24"]
[EventType "swiss"]
[EventRounds "7"]
[EventCountry "NEP"]
[SourceTitle "EXT 2022"]
[Source "ChessBase"]
[SourceDate "2021.10.06"]
[SourceVersion "1"]
[SourceVersionDate "2021.10.06"]
[SourceQuality "1"]

1. e4 c5 2. Nc3 Nc6 3. Nf3 d6 4. Bc4 e6 5. a3 Nf6 6. d4 cxd4 7. Nxd4 a6 8. 0-0 Be7 9. Bb3 0-0 10. Nce2 Nxe4 11. Qd3 Nc5 12. Qe3 Nxb3 13. Qxb3 d5 14. Nxc6 bxc6 15. c3 c5 16. Qc2 Bd7 17. a4 Qc7 18. h3 Bc6 19. Bf4 e5 20. Bh2 Bd6 21. Qf5 g6 22. Qf6 Rae8 23. Qg5 f5 24. Rfe1 f4 25. h4 Rf5 26. Qg4 Qf7 27. Nc1 e4 28. Nb3 h5 29. Qd1 Qf6 30. Nd2 d4 31. Qb3+ Bd5 32. Qb6 e3 33. fxe3 dxe3 34. Rad1 f3 0-1